000 00487nam a2200181Ia 4500
008 240925s9999 xx 000 0 und d
020 _a201180545
082 _a510.2462 JAM
100 _aJames, Glyn
245 0 _aModern Engineering Mathematics
250 _aNA
260 _aWokingham:
_bAddison-Wily Publishing Company
_c,1994.
300 _axii,297p.
_bNA
_fPhotocopy
500 _aIncludes Index
600 _aHumanities & Natural Science
650 _aMathematics
942 _cBK
999 _c6671
_d6671